| 000 | 00000nam##2200000za#4500 |
| 001 | 9.690488 |
| 003 | CaOODSP |
| 005 | 20210624232340 |
| 007 | cr ||||||||||| |
| 008 | 150407|2007||||xxc|||||o f|0| 0 eng|d |
| 020 | |a978-0-662-47400-5 |
| 040 | |aCaOODSP|beng |
| 043 | |an-cn--- |
| 086 | 1 |aP109-7/2007E-PDF |
| 110 | 1 |aCanada.|bPublic Works and Government Services Canada. |bPublishing and Depository Services Program. |
| 245 | 10|aQuick reference guide for author departments : |h[electronic resource]|bPublishing Programs - Crown Copyright and Licensing |
| 260 | |aOttawa - Ontario : |bPublic Works and Government Services Canada. |cc2007. |
| 300 | |a22p. |
| 500 | |aThe catalogue number (P109-7/2007) and ISBN (978-0-662-05340-8) for the bilingual print edition have been incorrectly copied in this electronic publication. |
| 590 | |a11-29-Supp|b2011-11-25 |
| 690 | 07|aPublishing|2gcpds |
| 775 | 08|tGuide de référence pour les ministères auteurs : |w(CaOODSP)9.634847 |
| 776 | 0#|tQuick reference guide for author departments : |w(CaOODSP)9.669545 |
| 776 | 0#|tGuide de référence pour les ministères auteurs : |w(CaOODSP)9.669546 |
| 856 | 40|ahttp://publications.gc.ca|qPDF|s126.71 KB|uhttps://publications.gc.ca/collections/collection_2011/tpsgc-pwgsc/P109-7-2007-eng.pdf |